000
00204nam a2200109Ia 4500
100
_a
HARWELL/DAVID.
942
_c
BK
245
_a
FOUNDATION OF FEAR
260
_b
#N/A
546
_a
ENGLISH
999
_c
33834
_d
33834